Emotion and consciousness (Record no. 22737)
[ view plain ]
| 000 -LEADER | |
|---|---|
| fixed length control field | 02557cam a22002414a 4500 |
| 020 ## - INTERNATIONAL STANDARD BOOK NUMBER | |
| ISBN | 159385188X (cloth) |
| 082 00 - DEWEY DECIMAL CLASSIFICATION NUMBER | |
| Classification number | 100 |
| Author Cutter | BAR |
| 100 ## - MAIN ENTRY--AUTHOR NAME | |
| Author name | Barrett, Lisa Feldman |
| 245 00 - TITLE STATEMENT | |
| Title | Emotion and consciousness |
| 260 ## - PUBLICATION, DISTRIBUTION, ETC. (IMPRINT) | |
| Place of publication | New York : |
| Name of publisher | Guilford Press, |
| Year of publication | 2005. |
| 300 ## - PHYSICAL DESCRIPTION | |
| Number of Pages | xii, 420 p. : |
| Other physical details | ill. ; |
| 505 0# - FORMATTED CONTENTS NOTE | |
| Formatted contents note | Introductory chapter / Lisa Feldman Barrett, Paula Niedenthal, & Piotr Winkielman -- Cognition and emotion -- Embodiment in the acquisition and use of emotion knowledge / Paula M. Niedenthal, Lawrence W. Barsalou, François Ric & Silvia Krauth-Gruber -- The interaction of emotion and cognition: insights from studies of the human amygdala / Elizabeth A. Phelps -- Affect and the resolution of cognitive control dilemmas / Jeremy R. Gray, Alexandre Schaefer, Tood S. Braver & Steven B. Most -- Unconscious emotional processing : perception of visual stimuli -- Caught by the evil eye : nonconscious information processing, emotion, and attention to facial stimuli / Daniel Lundqvist & Arne Öhman -- Nonconscious emotions : new findings and perspectives on nonconscious facial expression recognition and their contents / Beatrice deGelder -- Visual emotion perception : mechanisms and processes / Anthony P. Atkinson & Ralph Adolphs -- Emotional behavior -- Conscious and unconscious emotion in nonlinguistic vocal communication / Michael J. Owren, Drew Rendell & Jo Anne Bachorowski -- Behavior systems and the contextual control of anxiety, fear, and panic / Mark E. Bouton -- The conscious experience of emotion -- Emotion experience and the indeterminacy of valence / Louis C. Charland -- The experience of emotion / Lisa Feldman Barrett -- Perspectives on the conscious-unconscious debate -- Emotion processes considered from the perspective of dual-process models / Eliot R. Smith & Roland Neumann -- Unconscious processes in emotion : the bulk of the iceberg / Klaus Scherer -- Emotion, behavior, and conscious experience / Piotr Winkielman, Kent Berridge & Julie Wilbarger -- Emotions, embodiment, and awareness / Jesse J. Prinz -- The seven deadly sins of research on affect / Gerald L. Clore, Justin Storbeck, Michael D. Robinson & David Centerbar. |
| 650 #0 - SUBJECT ADDED ENTRY--TOPICAL TERM | |
| Topical Term | Consciousness. |
| 650 #0 - SUBJECT ADDED ENTRY--TOPICAL TERM | |
| Topical Term | Emotions. |
| 650 #0 - SUBJECT ADDED ENTRY--TOPICAL TERM | |
| Topical Term | Emotions and cognition. |
| 856 41 - ELECTRONIC LOCATION AND ACCESS | |
| Uniform Resource Identifier | http://www.loc.gov/catdir/toc/ecip056/2005001276.html |
| 856 42 - ELECTRONIC LOCATION AND ACCESS | |
| Uniform Resource Identifier | http://www.loc.gov/catdir/enhancements/fy0621/2005001276-b.html |
| 942 ## - ADDED ENTRY ELEMENTS (KOHA) | |
| Koha item type | Books |
| 700 1# - | |
| -- | Barrett, Lisa Feldman. |
| 700 1# - | |
| -- | Niedenthal, Paula M. |
| 700 1# - | |
| -- | Winkielman, Piotr. |
| Home library | Current library | Shelving location | Date acquired | Full call number | Accession Number | Koha item type |
|---|---|---|---|---|---|---|
| Henry Martyn Institute Library | Henry Martyn Institute Library | General stacks | 10/09/2019 | 100 BAR | 25616 | Books |
